| Tag |
First Indicator |
Second Indicator |
Subfields |
| LEADER |
00000cam a2200000Ii 4500 |
| 001 |
in00004583413 |
| 008 |
220115s2021 gw abce b 101 0 eng d |
| 005 |
20250318222839.9 |
| 020 |
|
|
|a 9783447117425
|
| 020 |
|
|
|a 3447117427
|
| 024 |
3 |
|
|a 9783447117425
|
| 035 |
|
|
|a (OCoLC)on1292463744
|
| 035 |
|
|
|a (OCoLC)1292463744
|
| 040 |
|
|
|a OHX
|b eng
|e rda
|c OHX
|d CUY
|d JPG
|d EQO
|d JPG
|d OCLCO
|d OCLCF
|d YDX
|
| 041 |
0 |
|
|a eng
|a fre
|
| 043 |
|
|
|a mm-----
|a aw-----
|
| 050 |
|
4 |
|a DS56
|b .M43 2021
|
| 050 |
|
4 |
|a D973
|b .M435 2021
|
| 072 |
|
7 |
|a DE
|2 lcco
|
| 082 |
0 |
4 |
|a 939.4
|2 23
|
| 082 |
0 |
4 |
|8 4 p
|a 930
|q DE-101
|
| 245 |
0 |
4 |
|a The Mediterranean Sea and the Southern Levant :
|b archaeological and historical perspectives from the Bronze Age to medieval times /
|c edited by Jens Kamlah and Achim Lichtenberger.
|
| 264 |
|
1 |
|a Wiesbaden :
|b Harrassowitz Verlag,
|c 2021.
|
| 300 |
|
|
|a vi, 366 pages :
|b illustrations, facsimiles, maps, plans, portraits ;
|c 25 cm.
|
| 336 |
|
|
|a text
|b txt
|2 rdacontent
|
| 337 |
|
|
|a unmediated
|b n
|2 rdamedia
|
| 338 |
|
|
|a volume
|b nc
|2 rdacarrier
|
| 490 |
1 |
|
|a Abhandlungen des Deutschen Palästina-Vereins ;
|v Band 48
|
| 500 |
|
|
|a Copyright Deutscher Verein zur Erforschung Palästinas, Wiesbaden.
|
| 504 |
|
|
|a Includes bibliographical references and indexes.
|
| 505 |
0 |
|
|a Archaeological and historical perspectives on the Mediterranean Sea and the Southern Levant -- Concepts -- Coastal sites.
|
| 546 |
|
|
|a 10 contributins in English. 1 in French.
|
| 651 |
|
0 |
|a Mediterranean Sea
|x Antiquities.
|
| 651 |
|
0 |
|a Middle East
|x Antiquities.
|
| 650 |
|
0 |
|a Excavations (Archaeology)
|z Mediterranean Sea.
|
| 650 |
|
0 |
|a Excavations (Archaeology)
|z Middle East.
|
| 651 |
|
6 |
|a Moyen-Orient
|x Antiquités.
|
| 650 |
|
7 |
|a Antiquities.
|2 fast
|0 (OCoLC)fst00810745
|
| 650 |
|
7 |
|a Excavations (Archaeology)
|2 fast
|0 (OCoLC)fst00917564
|
| 651 |
|
7 |
|a Mediterranean Sea.
|2 fast
|0 (OCoLC)fst01239753
|
| 651 |
|
7 |
|a Middle East.
|2 fast
|0 (OCoLC)fst01241586
|
| 700 |
1 |
|
|a Kamlah, Jens,
|e editor.
|
| 700 |
1 |
|
|a Lichtenberger, Achim,
|e editor.
|
| 830 |
|
0 |
|a Abhandlungen des Deutschen Palästinavereins ;
|v Bd. 48.
|
| 852 |
8 |
|
|b pda,print
|z This title is available for the library to purchase for your use. Click the "Purchase It For Me" button to place a request. This item may take 5-10 business days to arrive.
|
| 955 |
|
|
|a Print PDA title
|
| 961 |
|
|
|m 565730
|
| 999 |
f |
f |
|s e9053935-ff5c-4603-9879-8a4e5bd8e1c4
|i e9053935-ff5c-4603-9879-8a4e5bd8e1c4
|t 0
|
| 952 |
f |
f |
|a Texas A&M University
|b College Station
|c Sterling C. Evans Library
|d Purchase on Demand
|t 0
|e DS56 .M43 2021
|h Library of Congress classification
|
| 998 |
f |
f |
|a DS56 .M43 2021
|t 0
|l Purchase on Demand
|